Hacia escuelas eficáces para todos: Docentes / Mel Ainscow (Registro nro. 903)

Detalles MARC
000 -LEADER
fixed length control field 00571nam a22002051a 4500
001 - CONTROL NUMBER
control field 903
003 - CONTROL NUMBER IDENTIFIER
control field OSt
005 - DATE AND TIME OF LATEST TRANSACTION
control field 20260204211714.0
008 - FIXED-LENGTH DATA ELEMENTS--GENERAL INFORMATION
fixed length control field 040115s2001||||sp ||||||b||||||||||spa||
020 ## - NUMERO DE LIBRO INTERNACIONAL NORMALIZADO
International Standard Book Number 8427713606
050 ## - LIBRARY OF CONGRESS CALL NUMBER
Classification number 370.113 H115m
082 ## - DEWEY DECIMAL CLASSIFICATION NUMBER
Classification number 370.113 H115m
245 ## - TÍTULO PROPIAMENTE DICHO: SUBTÍTULO
Title Hacia escuelas eficáces para todos: Docentes / Mel Ainscow
264 ## - PRODUCTION, PUBLICATION, DISTRIBUTION, MANUFACTURE, AND COPYRIGHT NOTICE
Place of production, publication, distribution, manufacture España : Narcea
300 ## - PHYSICAL DESCRIPTION
Extensión 158 p.
500 ## - GENERAL NOTE
General note Incluye indice.
650 ## - ASIENTO SECUNDARIO DE MATERIA -- TERMINO TEMÁTICO
Termino Temático Como Elemento de Entrada 1.Educación: Profesional
700 ## - ASIENTO SECUNDARIO -- NOMBRE PERSONAL
Personal name Ainscow, Mel II.Hopkins, David III.South Worth, Geoff IV.West, Mel.Ì
942 ## - ADDED ENTRY ELEMENTS (KOHA)
Source of classification or shelving scheme Dewey Decimal Classification
Koha item type Libros
Existencias
Withdrawn status Lost status Source of classification or shelving scheme Damaged status Not for loan Current library Date acquired Total Checkouts Full call number Barcode Date last seen Price effective from Koha item type
    Dewey Decimal Classification     Biblioteca UTECO 09/09/2019   370.113 H115M 001428 09/09/2019 09/09/2019 Libros
    Dewey Decimal Classification     Biblioteca UTECO 09/09/2019   370.113 H115M 001429 09/09/2019 09/09/2019 Libros
    Dewey Decimal Classification Descartado para donación   Biblioteca UTECO 09/09/2019   370.113 H115M 001430 09/09/2019 09/09/2019 Libros
    Dewey Decimal Classification Descartado para donación   Biblioteca UTECO 09/09/2019   370.113 H115M 004055 09/09/2019 09/09/2019 Libros
    Dewey Decimal Classification Descartado para donación   Biblioteca UTECO 09/09/2019   370.113 H115M 004056 09/09/2019 09/09/2019 Libros
© 2021 Derechos Reservados UTECO - Teléfono: +1 809-585-2291 - Correo electrónico: biblioteca@uteco.edu.do​  
Código postal 43000 ​​
Dirección: Avenida Universitaria No. 100, 
Cotuí, Provincia Sánchez Ramírez, República Dominicana - RNC: 404-00059-6